Entrepreneurship/ (Record no. 80546)

MARC details
000 -LEADER
fixed length control field 00698nam a22002417a 4500
003 - CONTROL NUMBER IDENTIFIER
control field URS
005 - DATE AND TIME OF LATEST TRANSACTION
control field 20240716180727.0
008 - FIXED-LENGTH DATA ELEMENTS--GENERAL INFORMATION
fixed length control field 240608t2022 ph ||||| |||| 00| 0 eng d
020 ## - INTERNATIONAL STANDARD BOOK NUMBER
International Standard Book Number 9786214063376
040 ## - CATALOGING SOURCE
Original cataloging agency DLC
Language of cataloging eng
Transcribing agency DLC
Modifying agency DLC
-- URS
Description conventions rda
082 ## - DEWEY DECIMAL CLASSIFICATION NUMBER
Classification number 658.4
Item number M331 2022
100 ## - MAIN ENTRY--PERSONAL NAME
Personal name Marcelo, Jefferson S.
245 ## - TITLE STATEMENT
Title Entrepreneurship/
Statement of responsibility, etc. Jefferson S. Marcelo, and Girlie M. Samson.
264 ## - PRODUCTION, PUBLICATION, DISTRIBUTION, MANUFACTURE, AND COPYRIGHT NOTICE
Place of production, publication, distribution, manufacture Philippines:
Name of producer, publisher, distributor, manufacturer Mindshapers Co., Inc.,
Date of production, publication, distribution, manufacture, or copyright notice [2022]
300 ## - PHYSICAL DESCRIPTION
Extent viii, 1 63 pages;
Dimensions 25 cm.
504 ## - BIBLIOGRAPHY, ETC. NOTE
Bibliography, etc. note Includes references.
650 ## - SUBJECT ADDED ENTRY--TOPICAL TERM
Topical term or geographic name entry element Entrepreneurship
650 ## - SUBJECT ADDED ENTRY--TOPICAL TERM
Topical term or geographic name entry element Business planning
650 ## - SUBJECT ADDED ENTRY--TOPICAL TERM
Topical term or geographic name entry element Small business
650 ## - SUBJECT ADDED ENTRY--TOPICAL TERM
Topical term or geographic name entry element Startups
700 ## - ADDED ENTRY--PERSONAL NAME
Personal name Samson, Girlie M.
942 ## - ADDED ENTRY ELEMENTS (KOHA)
Source of classification or shelving scheme Dewey Decimal Classification
Koha item type Filipiniana
Holdings
Withdrawn status Source of classification or shelving scheme Damaged status Not for loan Home library Current library Shelving location Date acquired Total Checkouts Full call number Barcode Date last seen Copy number Price effective from Koha item type
  Library of Congress Classification     Binangonan College Library Binangonan College Library Filipiniana Section 06/30/2025   HD 62.5 M37 2022 URSBIN-3934 06/30/2025   06/30/2025 Filipiniana
  Dewey Decimal Classification     Pililla College Library Pililla College Library Filipiniana Section 06/08/2024   658.4 M331 2022 URSPIL-7120 06/08/2024 1 06/08/2024 Filipiniana
  Dewey Decimal Classification     Pililla College Library Pililla College Library Filipiniana Section 06/08/2024   658.4 M331 2022 URSPIL-7121 06/08/2024 2 06/08/2024 Filipiniana

University of Rizal System
Email us at univlibservices@urs.edu.ph

Visit our Website www.urs.edu.ph/library